Normal view MARC view
  • Comercio electrónico

Entry Materia

Number of records used in: 15

001 - NÚMERO DE CONTROL DEL REGISTRO

  • campo de control: 8986

003 - IDENTIFICADOR DE NUMERO DE CONTROL

  • campo de control: UPN

005 - FECHA Y HORA DE LA ÚLTIMA TRANSACCIÓN

  • campo de control: 20240115133016.0

008 - DATOS DE LONGITUD FIJA

  • campo de control de longitud fija: nabaccnnaabn|||||||||| b |nc|||||d

035 ## - NÚMERO DE CONTROL DEL SISTEMA

  • Número de control del sistema: UPN10000008992

040 ## - FUENTE DE LA CATALOGACIÓN

  • Lengua de catalogación: SPA
  • Agencia de transcripción: UPN
  • Centro catalogador de origen: MX-MxUPN

053 #4 - NÚMERO CLASIFICADOR - BIBLIOTECA DEL CONGRESO (LC)

  • Elemento numérico de la clasificación - Número único o no. inicial del rango: HF5548.32
  • Elemento numérico de la clasificación - Número único o no. final del rango: HF5548.33

150 ## - ENCABEZAMIENTO - TEMÁTICO

  • Término de materia o nombre geográfico como elemento inicial: Comercio electrónico

450 ## - VÉASE - MATERIA

  • Encabezamiento temático: Cibercomercio

450 ## - VÉASE - MATERIA

  • Encabezamiento temático: Negocio electrónico

450 ## - VÉASE - MATERIA

  • Encabezamiento temático: Comercio por Internet

670 ## - FUENTE EN LA QUE SE LOCALIZARON DATOS

  • Cita de la fuente: LC
  • Información localizada: Electronic commerce

680 ## - NOTA GENERAL CON DESPLIEGUE PÚBLICO

  • Encabezamiento: Aquí se asientan las obras que tratan sobre el intercambio de bienes y servicios y la transferencia de fondos a través de comunicaciones electrónicas

902 ## - CATALOGADOR

  • Catalogador: BDV/250208